00000000nam##2200000za#4500
0019.646824
003CaOODSP
00520200401074816
007ta
008150407|1998||||xxc|||||     f|0| 0 eng|d
020 |a0-660-17410-3|z0-662-26461-4
040 |aCaOODSP|beng
043 |an-cn---
0861 |aSN3-1/2-1998E
1101 |aCanada.|bNational Library of Canada.
24510|aCultivating Canadian gardens : |bthe history of gardening in Canada: an essay / |cby Carol Martin.
260 |aOttawa - Ontario : |bNational Library of Canada |c1998.
300 |a18p. ; |c28 cm.
500 |aN.B.: Incorrect catalogue number (SN3-1/2-1998E-IN) printed in this publication.
563 |aRing binding
590 |a98-19|b1998-05-08
590 |a98-12|b1998-03-20
69007|aGardening|2gcpds
7201 |aMartin, Carol
77508|tCultiver son jardin au Canada : |w(CaOODSP)9.680330
7760#|tCultivating Canadian gardens : |w(CaOODSP)9.695958